Biblioteca

¿Qué son los sentimientos? (Registro nro. 49359)

Detalles MARC
000 -LÍDER
Campo fijo de descripción fija 007010000a22001930004500
001 - NÚMERO DE CONTROL
Campo de control 2213
003 - IDENTIFICADOR DEL NÚMERO DE CONTROL
Campo de control CO-MdFUSB
005 - FECHA Y HORA DE LA ULTIMA TRANSACCIÓN
control field 20180709154012.0
008 - ELEMENTOS DE LONGITUD FIJA -- INFORMACIÓN GENERAL
Campo fijo de descripción fija -- Información general 180709b xxu||||| |||| 00| 0 eng d
020 ## - NÚMERO INTERNACIONAL NORMALIZADO PARA LIBROS
Número Internacional Normalizado del libro 84-236-7243-3
040 ## - FUENTE DE CATALOGACIÓN
Agencia que realiza la transcripción CO-MdBIC
082 04 - NÚMERO DE CLASIFICACIÓN DECIMAL DEWEY
Número de clasificación 868HC B75sp4
100 1# - ASIENTO PRINCIPAL--NOMBRE PERSONAL
Nombre personal Brenifier, Oscar
245 10 - TÍTULO
Título del Material ¿Qué son los sentimientos?
260 ## - PUBLICACIÓN, DISTRIBUCIÓN, ETC. (PIE DE IMPRENTA)
Lugar de publicación, distribución, etc. España : Edebé
300 ## - DESCRIPCIÓN FÍSICA
Extensión 96p/23 x 19.5cm
505 00 - NOTA DE CONTENIDO
Nota de contenido con formato preestablecido 1. ¿Qué es la felicidad? -- 2. ¿Qué son la belleza y el arte? -- 3. ¿Qué es libertad? -- 4.¿Qué soy yo? -- 5. ¿Qué es la convivencia? -- 6. ¿Qué es el saber? -- 7. ¿Qué son los sentimientos? -- 8. ¿Qué es el bien y el mal? -- 9. Qué es la vida?
942 ## - TIPO DE MATERIAL (KOHA)
Tipo de Item KOHA Z- Libro General BINCO
Existencias
Estado de Material Estado de Perdido Forma de Clasificación Estado de Dañado No para Préstamo Tomo Biblioteca de Origen Biblioteca Permanente Fecha de Adquisición Total de Préstamos Signatura Topográfica Código de Barras Última vez visto Ejemplar/Existencia Fecha de Remplazo Tipo de Material
    Dewey Decimal Classification     7 Biblioteca Infantil Comunitaria BINCO Biblioteca Infantil Comunitaria BINCO 12/08/2013   868HC B75sp4 B33338 24/11/2016 1 26/01/2016 Z- Libro General BINCO

Biblioteca FUSBC | Teléfono: (57+4) 349 88 10 Ext. 141| WhatsApp (+57) 3005338115 
E-mail: biblioteca@unisbc.edu.co | Calle 76 87-14 Robledo Palenque, Medellín, Colombia

Con tecnología Koha